| 000 | 00368nam a2200145Ia 4500 | ||
|---|---|---|---|
| 008 | 230917s9999||||xx |||||||||||||| ||und|| | ||
| 040 |
_e146663 _aMAIN |
||
| 041 | _aEnglish | ||
| 082 | _a363.7 S23P | ||
| 100 | _aSharma, Dipti | ||
| 245 | 0 | _aParyavaran shiksha evam sanchetna | |
| 260 |
_aNew Delhi _bArjun Publishing House _c2009 |
||
| 300 | _a277 p. | ||
| 942 | _cBK | ||
| 999 |
_c150145 _d150145 |
||